000 00372nam a22001577a 4500
003 MPLRDC
005 20220104144124.0
008 210129b ||||| |||| 00| 0 eng d
082 _a322.1 QHY
100 _a丘宏义,陈明诚等著
245 _a如何自制天文仪器
_c
260 _a
_b科学出版社
_c
300 _b
650 _a
942 _cBK
_o322.1 QHY
999 _c46569
_d46559